| 000 | nam a22 7a 4500 | ||
|---|---|---|---|
| 999 |
_c27559 _d27559 |
||
| 008 | 170209b xxu||||| |||| 00| 0 eng d | ||
| 050 | _aND 237 .B2614L6 1981 | ||
| 100 | _aLove, Richard H. | ||
| 245 |
_aJohn Barber: _bThe Artist, The Man/ _cRichard H. Love |
||
| 260 |
_aChicago: _bHaase- Mumm Publishing Company, _c1981. |
||
| 300 |
_axv,189p.: _bill.; _c27cm. |
||
| 521 | _aIncludes index. | ||
| 650 | _aPainters- United States- Biography. | ||
| 942 |
_2lcc _cBOOKS _hND 237 .B2614L6 1981 |
||